000 00631nam a2200229Ia 4500
005 20250508161755.0
008 008 250505s9999 xx 000 0 eng d
020 _a0-262 57022-X
037 _aTextual
040 _aFEDL
_beng
_cFEDL
041 _aeng
_2eng
084 _a301.451 097 3, GLA
_qFEDL
100 _aGlazer Nathan
245 0 _aByond the melting pot
250 _a2nd
260 _aCambridge
_bThe M I T Press
_c1970
300 _axcviii,363p
650 _aSociology
700 _a Moynihan Daniel Patrick
_9771524
942 _cTEXL
_h301.451 097 3, GLA
999 _c1372106
_d1372106